|
|
|
|
| LEADER |
00000nam0a2200000 4500 |
| 001 |
289812 |
| 005 |
20231102000225.0 |
| 010 |
|
|
|a 9785699189939
|
| 035 |
|
|
|a (RuTPU)RU\TPU\book\314330
|
| 090 |
|
|
|a 289812
|
| 100 |
|
|
|a 20150402d2014 m y0rusy50 ca
|
| 101 |
1 |
|
|a rus
|c eng
|
| 102 |
|
|
|a RU
|
| 105 |
|
|
|a y z 000ay
|
| 200 |
1 |
|
|a Роковая музыка
|e пер. с англ.
|f Т. Пратчетт
|
| 210 |
|
|
|a Москва
|c Эксмо
|d 2014
|
| 215 |
|
|
|a 476 с.
|
| 330 |
|
|
|a Привет... э-э... Анк-Морпорк!Это музыка, в которой звучит глас Рока, внемлите сейчас, не то потом будет поздно! Она вытащит вашу душу, вытряхнет, как коврик, и повесит сушиться на забор! Она сведет с ума весь Незримый Университет, заставив волшебников сшить себе кожаные мантии и перекрасить стены спален в черный цвет! Она породит гитарную эпидемию в Анк-Морпорке и устроит в Гад-парке самый Бесплатежный Фестиваль, что когда-либо видел Плоский мир!Для справки: это еще не все проблемы. Смерть тем временем опять пошел в народ...
|
| 606 |
1 |
|
|a Английская литература
|2 stltpush
|3 (RuTPU)RU\TPU\subj\29042
|9 52454
|
| 610 |
1 |
|
|a фантастические романы
|
| 610 |
1 |
|
|a фэнтези
|
| 610 |
1 |
|
|a приключения
|
| 675 |
|
|
|a 82
|v 4
|
| 700 |
|
1 |
|a Пратчетт
|b Т.
|g Терри
|
| 801 |
|
1 |
|a RU
|b 63413507
|c 20150402
|
| 801 |
|
2 |
|a RU
|b 63413507
|c 20150615
|g RCR
|
| 942 |
|
|
|c BK
|
| 959 |
|
|
|a 30/20150401
|d 1
|e 267,69
|f ХФ:1
|